WWE Theme Songs - Statistics

General Stats
  • This quiz has been taken 42 times
    17 since last reset
  • The average score is 33 of 85
Answer Stats
Superstar Year/PPV Theme Song Title % Correct
Triple H 2001 - 2013, 2016 - Today The Game
87%
Shawn Michaels 1993 - Today Sexy Boy
80%
CM Punk 2011 - 2014, 2023 - Today Cult of Personality
73%
Cody Rhodes 2022 - Today Kingdom
73%
Triple H 2013 - 2015 King Of Kings
73%
Kofi Kingston 2008 - 2014 S.O.S
73%
Randy Orton 2009 - Today Voices
73%
Drew McIntyre 2010-2012 Broken Dreams
67%
Kevin Owens 2014 - Today Fight
67%
Roman Reigns 2020 - Today Head Of The Table
67%
Edge 2004 - 2022, 2022 - Today Metalingus
67%
The Rock 2007 - 2024 Electrifying
60%
Kurt Angle 1999 - 2006, 2017 - Today Medal
60%
Tommaso Ciampa 2015 - 2022, 2023 - Today No One Will Survive
60%
Hulk Hogan 1986 - 1993, 2003 - Today Real American
60%
Kane 2002 - 2008 Slow Chemical
60%
Seth Rollins 2020 - Today Visionary
60%
R-Truth 2008 - Today What's Up
60%
Drew McIntyre 2017 - Today Gallantry
53%
The Miz 2010 - Today I Came To Play
53%
Brock Lesnar 2002 - Today Next Big Thing
53%
"Dashing" Cody Rhodes 2010 - 2011 Smoke & Mirrors
53%
CM Punk 2006 - 2011 The Fire Burns
53%
John Cena 2004 - Today The Time is Now
53%
Sheamus 2009 - 2015 Written in My Face
53%
D-Generation X 1997 - Today Are You Ready
47%
Austin Theory 2022 - Today A-Town Down
47%
Ronda Rousey 2018 - 2023 Bad Reputation
47%
Finn Balor 2014 - 2022 Catch Your Breath
47%
Sheamus 2015 - Today Hellfire
47%
Triple H 1999 - 2001 My Time
47%
Jeff Hardy 2008 - 2009, 2021 No More Words
47%
Johnny Gargano 2015 - 2020, 2022 - 2023 Rebel Heart
47%
Undertaker 2004 - Today Rest In Peace
47%
The Brothers Of Destruction 2001 Rollin
47%
The Shield 2012 - 2019 Special Op
47%
John Cena 2002 - 2004 Basic Thuganomics
40%
Jimmy Uso 2023 - Today Born a King
40%
Kane 1997 - 1999 Burned
40%
Randy Orton 2004 - 2009 Burn In My Light
40%
Becky Lynch 2014 - Today Celtic Invasion
40%
Rhea Ripley 2022 - Today Demon In Your Dreams
40%
Evolution 2003 - 2005, 2013 - 2014 Line in the Sand
40%
Solo Sikoa 2022 - Today Taking It All
40%
Seth Rollins 2014 - 2020 The Second Coming
40%
Roman Reigns 2015 -2020 The Truth Reigns
40%
Sami Zayn 2013 - 2021, 2023 - Today Worlds Apart
40%
Gunther 2022 - Today Prepare To Fight
33%
Charlotte Flair 2014 - 2022 Recognition
33%
nWo 1996 - Today Rockhouse
33%
Alexa Bliss 2015 - 2020, 2022 Spiteful
33%
Sting 1996 - 2001 The Crow
33%
The Judgment Day 2022 - Today The Other Side
33%
Bianca Belair 2018 - Today Watch Me Shine
33%
Bayley 2019 - Today Deliverance
27%
The Fiend Bray Wyatt 2019 - 2021 Let Me In
27%
Wyatt Family 2012 - 2017 Live In Fear
27%
Sasha Banks 2014 - 2022 Sky's the Limit
27%
Legion Of Doom / The Road Warriors 1990 - 1992, 1997 - 1998, 2005 - 2006 What A Rush
27%
The Brothers Of Destruction 1998 Dark Side
20%
The Usos 2016 - Today Done With That
20%
Grayson Waller 2023 - Today Eye On The Prize
20%
Steve Austin 2000 - 2001 Glass Shatters
20%
The Rock Wrestlemania X-8 If You Smell
20%
Jey Uso 2023 - Today Main Event Ish
20%
Carmelo Hayes 2023 - Today Melo Don't Miss
20%
The New Day 2014 New Day, New Way
20%
Natalya 2009 - Today New Foundation
20%
Bobby Lashley 2018 - 2020 Dominance
13%
Bret Hart 1994 - 1997 Hart Attack
13%
Finn Balor 2022 - Today I Am Danger
13%
"Dirty" Dominik Mysterio 2022 - Today It Is My Time
13%
Liv Morgan 2022 - Today Liv Gone Mad
13%
Kane 2000 - 2002 Out Of Fire
13%
Logan Paul 2023 - Today Take Flight
13%
Seth Rollins 2020 The Rising
13%
Bobby Lashley 2020 - Today Titan
13%
Kane 2008 - Today Veil Of Fire
13%
Sting 1998-1999 Wolfpack
13%
Bron Breakker 2023 - Today Fear No Evil
7%
Steve Austin 1996 - 2000, 2001 - 2003 Hell Frozen Over
7%
The Rock Wrestlemania X-Seven Know Your Role
7%
Damian Priest 2022 - Today Punishment
7%
Undertaker Survivor Series '90 Funeral Dirge
0%
Unedrtaker Wrestlemania 36 Now That We're Dead
0%
No matching quizzes found
Score Distribution
Percent of People with Each Score
Percentile by Number Answered
Your Score History
You have not taken this quiz since the last reset